Financial Management (Record no. 25423)

MARC details
000 -LEADER
fixed length control field 00417nam a2200181Ia 4500
008 - FIXED-LENGTH DATA ELEMENTS--GENERAL INFORMATION
fixed length control field 090122s9999 xx 000 0 und d
082 ## - DEWEY DECIMAL CLASSIFICATION NUMBER
Item number 1345
Classification number 330.124
100 ## - MAIN ENTRY--PERSONAL NAME
Personal name S
Numeration C
Titles and other words associated with a name Kuchal
245 ## - TITLE STATEMENT
Title Financial Management
260 ## - PUBLICATION, DISTRIBUTION, ETC. (IMPRINT)
Name of publisher, distributor, etc CHAITANYA PUBLISHING
Date of publication, distribution, etc 1969
300 ## - PHYSICAL DESCRIPTION
Extent 518
501 ## - WITH NOTE
With note --
600 ## - SUBJECT ADDED ENTRY--PERSONAL NAME
Personal name S
630 ## - SUBJECT ADDED ENTRY--UNIFORM TITLE
Uniform title Financial Management
700 ## - ADDED ENTRY--PERSONAL NAME
Personal name S
730 ## - ADDED ENTRY--UNIFORM TITLE
Uniform title Financial Management
942 ## - ADDED ENTRY ELEMENTS (KOHA)
Koha item type Book
Holdings
Withdrawn status Lost status Damaged status Not for loan Home library Current library Date acquired Source of acquisition Cost, normal purchase price Total Checkouts Full call number Barcode Date last seen Copy number Cost, replacement price Price effective from Koha item type
        Dombivali Granthasangrahalaya, Dombivali Dombivali Granthasangrahalaya, Dombivali 01/22/2009 -- 35.00   1345 DOM-1345 01/22/2009 1 35.00 01/22/2009 Book